[Event "ICS rated standard match"]
[Site "204.178.125.65"]
[Date "2000.06.23"]
[Round "?"]
[White "PostModernist"]
[Black "Hossa"]
[Result "1-0"]
[WhiteElo "2304"]
[BlackElo "2338"]
[PlyCount "131"]
[EventDate "2000.??.??"]

1. e4 c5 2. c3 Nf6 3. e5 Nd5 4. d4 cxd4 5. cxd4 Nc6 6. Nf3 d6 7. Bc4 Nb6 8. Bb5
a6 9. Bxc6+ bxc6 10. Nc3 Bg4 11. Qd3 Be6 12. Qe4 d5 13. Qh4 Bf5 14. O-O Qd7 15.
Re1 e6 16. Qg3 h6 17. Nh4 Bh7 18. b3 g5 19. Nf3 Qc7 20. Bb2 c5 21. dxc5 Bxc5
22. Ne2 Nd7 23. Rac1 Qb7 24. Qh3 Bf5 25. g4 Bd3 26. Ned4 Qb6 27. Rcd1 Bg6 28.
Nxg5 a5 29. Ngf3 a4 30. Re3 Be4 31. Ng5 Bg6 32. a3 Rc8 33. Ngf3 Qb8 34. b4 Bb6
35. Qh4 Be4 36. Qh5 Bg6 37. Qh3 h5 38. Re2 Rg8 39. g5 Rc4 40. Qh4 Bd8 41. Rc1
Rxc1+ 42. Bxc1 Qc8 43. Bd2 Be7 44. Re3 Nb6 45. Rc3 Nc4 46. Qg3 Be4 47. Bf4 Qd7
48. Nd2 Nxd2 49. Bxd2 Bd8 50. f3 Bb6 51. Be3 Qd8 52. h4 Bxd4 53. Bxd4 Bf5 54.
b5 Qb8 55. b6 Kf8 56. Rc7 Kg7 57. Qf4 Rd8 58. Qc1 Kg8 59. b7 Bd3 60. Rc8 Qxb7
61. Rxd8+ Kg7 62. Qc5 Qb1+ 63. Kh2 Qc2+ 64. Kg3 Qxc5 65. Bxc5 Kg6 66. Kf4 {
Hossa resigns} 1-0

[Event "ICS rated blitz match"]
[Site "204.178.125.65"]
[Date "2000.06.23"]
[Round "?"]
[White "Beadle"]
[Black "Hossa"]
[Result "1-0"]
[WhiteElo "2559"]
[BlackElo "2382"]
[PlyCount "109"]
[EventDate "2000.??.??"]

1. d4 d5 2. c4 e6 3. Nc3 Nf6 4. Nf3 c6 5. Bg5 dxc4 6. e4 b5 7. e5 h6 8. Bh4 g5
9. Nxg5 hxg5 10. Bxg5 Be7 11. exf6 Bxf6 12. Bxf6 Qxf6 13. g3 Qd8 14. Nxb5 Bb7
15. Bg2 Qe7 16. Qa4 Qd7 17. Na3 Qxd4 18. Nxc4 Qc5 19. Rd1 O-O 20. b3 a5 21. a3
Bc8 22. h4 Bb7 23. h5 Qf5 24. h6 Qf6 25. Rh5 Qc3+ 26. Kf1 Ba6 27. h7+ Kh8 28.
Kg1 Bb5 29. Rxb5 cxb5 30. Qxb5 Ra6 31. Bb7 Ra7 32. Qc5 Rxb7 33. Qxf8+ Kxh7 34.
Kg2 Kg6 35. Rh1 Qg7 36. Ne5+ Kf6 37. Rh6+ Qxh6 38. Ng4+ Kg5 39. Qxh6+ Kxg4 40.
Qf4+ Kh5 41. Qf3+ Kg6 42. Qxb7 e5 43. Qxb8 Kf5 44. Qe8 e4 45. Qxf7+ Ke5 46.
Qh5+ Ke6 47. Qxa5 Kd6 48. g4 Ke6 49. g5 Kd6 50. g6 Ke6 51. Qd8 Kf5 52. g7 Ke5
53. g8=Q e3 54. Qgd5+ Kf4 55. Q8g5# {Hossa checkmated} 1-0

[Event "ICS rated standard match"]
[Site "204.178.125.65"]
[Date "2000.06.23"]
[Round "?"]
[White "sofoklos"]
[Black "Hossa"]
[Result "0-1"]
[WhiteElo "2200"]
[BlackElo "2336"]
[PlyCount "32"]
[EventDate "2000.??.??"]

1. e4 e6 2. d4 d5 3. exd5 exd5 4. Nf3 Bg4 5. Bd3 Nc6 6. c3 Nf6 7. O-O Be7 8.
Bg5 Ne4 9. Bxe7 Qxe7 10. Re1 O-O-O 11. Nbd2 f5 12. Qc2 Bxf3 13. Nxf3 g5 14. c4
g4 15. Nd2 Nxd4 16. Qa4 Qc5 {sofoklos resigns} 0-1

[Event "ICS unrated standard match"]
[Site "204.178.125.65"]
[Date "2000.06.23"]
[Round "?"]
[White "Purporc"]
[Black "Hossa"]
[Result "1-0"]
[WhiteElo "1875"]
[BlackElo "2336"]
[PlyCount "47"]
[EventDate "2000.??.??"]

1. d4 Nf6 2. Nc3 d5 3. e4 dxe4 4. f3 exf3 5. Nxf3 Nc6 6. Bb5 Qd6 7. O-O Bg4 8.
d5 O-O-O 9. Bxc6 Qc5+ 10. Kh1 bxc6 11. Qd3 Bxf3 12. Qa6+ Kb8 13. Rxf3 Qb6 14.
Qa4 cxd5 15. Nb5 Nd7 16. Be3 c5 17. Bf4+ Kb7 18. Rb3 c4 19. Be3 Nc5 20. Bxc5
Qxc5 21. Nd6+ Ka8 22. Qa6 Rd7 23. Rb5 Qxb5 24. Nxb5 1-0

[Event "ICS unrated standard match"]
[Site "204.178.125.65"]
[Date "2000.06.23"]
[Round "?"]
[White "Purporc"]
[Black "Hossa"]
[Result "0-1"]
[WhiteElo "1875"]
[BlackElo "2336"]
[PlyCount "50"]
[EventDate "2000.??.??"]

1. d4 Nf6 2. Nc3 d5 3. e4 dxe4 4. f3 exf3 5. Qxf3 Qxd4 6. Be3 Qd8 7. Rd1 Nbd7
8. Bc4 e6 9. Nge2 Bd6 10. O-O Ne5 11. Bb5+ c6 12. Qg3 O-O 13. Bg5 Qb6+ 14. Kh1
Ne8 15. Bd3 Nxd3 16. Qxd3 Qxb2 17. Ne4 Bb4 18. Rf3 Qxa2 19. c3 Ba3 20. Rdf1 f5
21. N4g3 Nf6 22. Bxf6 Rxf6 23. Nd4 Bc5 24. Nh5 Rf7 25. Rg3 b6 0-1

[Event "ICS unrated standard match"]
[Site "204.178.125.65"]
[Date "2000.06.23"]
[Round "?"]
[White "Purporc"]
[Black "Hossa"]
[Result "1-0"]
[WhiteElo "1875"]
[BlackElo "2336"]
[PlyCount "103"]
[EventDate "2000.??.??"]

1. d4 Nf6 2. f4 d5 3. Nf3 c5 4. e3 cxd4 5. exd4 g6 6. Bd3 Bg7 7. Ne5 O-O 8. O-O
Nc6 9. c3 Bf5 10. Bxf5 gxf5 11. Nd2 Ne4 12. Qh5 Qc8 13. Rf3 Nf6 14. Qh4 Re8 15.
Rg3 Qe6 16. h3 Rec8 17. Ndf3 Nxe5 18. fxe5 Ne8 19. Rg5 f6 20. exf6 Qxf6 21. Bf4
h6 22. Rg3 Kf8 23. Qh5 Qf7 24. Rg6 Nf6 25. Qxf5 e6 26. Qd3 Ne4 27. Nh4 e5 28.
Be3 Bf6 29. Rf1 exd4 30. Bxd4 Rc6 31. Bxf6 Rxf6 32. Rgxf6 Nxf6 33. Qd4 Kg7 34.
Nf5+ Kg6 35. Qh4 Qf8 36. Nxh6 Qc5+ 37. Kh1 Rf8 38. Rf4 Qc8 39. Ng4 Nh5 40. Ne5+
Kh6 41. g4 Rxf4 42. Qxh5+ Kg7 43. Qg5+ Kh7 44. Qxf4 Qe6 45. Qf5+ Qxf5 46. gxf5
Kg7 47. Ng4 b5 48. Kg2 b4 49. Kf3 bxc3 50. bxc3 a5 51. Kf4 Kf8 52. Ke5 1-0

[Event "ICS rated bullet match"]
[Site "204.178.125.65"]
[Date "2000.06.23"]
[Round "?"]
[White "Hossa"]
[Black "WolfieBoy"]
[Result "1-0"]
[WhiteElo "2488"]
[BlackElo "1894"]
[PlyCount "31"]
[EventDate "2000.??.??"]

1. d4 c5 2. d5 d6 3. e4 Nf6 4. Nc3 e6 5. Bg5 exd5 6. Bxf6 Qxf6 7. Nxd5 Qd8 8.
Nf3 Be6 9. Bb5+ Nd7 10. O-O a6 11. Bxd7+ Qxd7 12. Nb6 Qd8 13. Nxa8 Qxa8 14. Ng5
Bd7 15. Qd5 f6 16. Nf7 {WolfieBoy resigns} 1-0

[Event "ICS rated blitz match"]
[Site "204.178.125.65"]
[Date "2000.06.23"]
[Round "?"]
[White "Hossa"]
[Black "PostModernist"]
[Result "0-1"]
[WhiteElo "2374"]
[BlackElo "2709"]
[PlyCount "110"]
[EventDate "2000.??.??"]

1. d4 Nf6 2. c4 e6 3. g3 d5 4. Nf3 Bb4+ 5. Bd2 Be7 6. cxd5 exd5 7. Bg2 Nc6 8.
O-O O-O 9. Nc3 Ne4 10. Bf4 Nxc3 11. bxc3 Bf5 12. Nd2 g5 13. Be3 Rb8 14. c4 dxc4
15. Nxc4 Bf6 16. Bxc6 bxc6 17. f4 Bh3 18. fxg5 Bxf1 19. gxf6 Bh3 20. Bf4 Re8
21. Be5 Qd5 22. Ne3 Qe4 23. Qd3 Rxe5 24. dxe5 Qxe5 25. Rd1 Qxf6 26. Qa6 Rb2 27.
g4 h5 28. Qc8+ Kh7 29. Qd7 Qg6 30. Qxc7 Rxe2 31. Qg3 Rxe3 32. Qxe3 Qxg4+ 33.
Kf2 Qxd1 34. Qxh3 Qc2+ 35. Kg1 Qb1+ 36. Qf1 Qxf1+ 37. Kxf1 Kg6 38. Kg2 c5 39.
Kf2 Kg5 40. Kg3 c4 41. h4+ Kf5 42. Kf3 Ke5 43. Ke2 Kd4 44. Kf3 c3 45. Kf4 c2
46. Kg5 c1=Q+ 47. Kf6 Qf4+ 48. Ke7 Qxh4+ 49. Kd6 Qd8+ 50. Kc6 h4 51. a3 h3 52.
Kb7 h2 53. Kxa7 h1=Q 54. Ka6 Qha8+ 55. Kb5 Qda5# {Hossa checkmated} 0-1

[Event "ICS rated bullet match"]
[Site "204.178.125.65"]
[Date "2000.06.23"]
[Round "?"]
[White "Hossa"]
[Black "Polloman"]
[Result "1-0"]
[WhiteElo "2489"]
[BlackElo "1773"]
[PlyCount "63"]
[EventDate "2000.??.??"]

1. d4 c5 2. d5 d6 3. e4 g6 4. Nf3 Bg7 5. Bb5+ Bd7 6. Bxd7+ Nxd7 7. O-O Ngf6 8.
Nc3 O-O 9. Ng5 a6 10. Be3 h6 11. Nf3 Kh7 12. Qc1 b5 13. a3 Qb6 14. a4 b4 15.
Nb1 Nxe4 16. Nbd2 Nxd2 17. Qxd2 Nf6 18. Rad1 Qb7 19. Rfe1 Ng4 20. h3 Nxe3 21.
Qxe3 Rae8 22. b3 e6 23. dxe6 Rxe6 24. Qd3 Rfe8 25. Rxe6 Rxe6 26. Qc4 Be5 27.
Nxe5 dxe5 28. Qxc5 Rc6 29. Qxe5 Rxc2 30. Rd8 Rc1+ 31. Kh2 Qc7 32. Rh8# {
Polloman checkmated} 1-0

[Event "ICS rated blitz match"]
[Site "204.178.125.65"]
[Date "2000.06.23"]
[Round "?"]
[White "QueenMaxima"]
[Black "Hossa"]
[Result "1-0"]
[WhiteElo "2528"]
[BlackElo "2370"]
[PlyCount "129"]
[EventDate "2000.??.??"]

1. e4 e6 2. d4 d5 3. Nc3 Bb4 4. e5 c5 5. a3 Bxc3+ 6. bxc3 Qc7 7. Nf3 f6 8. Bb5+
Nd7 9. exf6 Ngxf6 10. O-O O-O 11. Ng5 Re8 12. Rb1 e5 13. Re1 h6 14. Nf3 e4 15.
Nh4 a6 16. Be2 Nf8 17. c4 g5 18. cxd5 gxh4 19. Bxh6 Nxd5 20. Bc4 Qf7 21. dxc5
Be6 22. Qd2 Nc7 23. Rxe4 Bxc4 24. Rxc4 Ng6 25. Rg4 Rad8 26. Qg5 Kh7 27. Qh5 Rd5
28. Rg5 Nh8 29. Qxh4 Rxg5 30. Bxg5+ Kg8 31. Qb4 Nd5 32. Qd4 Ng6 33. Bh6 Ngf4
34. Kh1 Ne2 35. Qg4+ Kh8 36. Bg7+ Kh7 37. Ba1 Re7 38. Qh3+ Kg6 39. c4 Ndf4 40.
Qh4 Re6 41. Rb3 Qd7 42. Qg4+ Kh6 43. Rb1 Qh7 44. Rd1 Qc2 45. Qh4+ Kg6 46. Qd8
Qxc4 47. Qg8+ Kf5 48. f3 Nd3 49. Qh7+ Kf4 50. Qxd3 Qxc5 51. Qd7 Qb6 52. Qg7 Ke3
53. Qg5+ Kf2 54. Bf6 Rxf6 55. Qh4+ Ke3 56. Qe4+ Kf2 57. Rd2 Qb1+ 58. Qxb1 Ke3
59. Qd3+ Kf4 60. Rxe2 Kg5 61. Qh7 Rc6 62. Re5+ Kf6 63. Qe7+ Kg6 64. Rg5+ Kh6
65. Qg7# {Hossa checkmated} 1-0

[Event "ICS rated bullet match"]
[Site "204.178.125.65"]
[Date "2000.06.23"]
[Round "?"]
[White "Hossa"]
[Black "Giorgio"]
[Result "1-0"]
[WhiteElo "2491"]
[BlackElo "1382"]
[PlyCount "55"]
[EventDate "2000.??.??"]

1. d4 c5 2. d5 d6 3. e4 g6 4. Nf3 Bg7 5. Bb5+ Bd7 6. Bxd7+ Nxd7 7. O-O Qa5 8.
Bd2 Qb6 9. Nc3 a6 10. Qc1 Rb8 11. Rd1 Qc7 12. a3 b5 13. Rf1 a5 14. Ng5 b4 15.
axb4 axb4 16. Ne2 Ngf6 17. Ng3 O-O 18. Re1 Ra8 19. Be3 Rxa1 20. Qxa1 Qb7 21.
Qd1 Ra8 22. Qe2 Ra2 23. Rb1 Nb6 24. Bf4 Na4 25. Bc1 Qb6 26. Qc4 Qa7 27. Qxa2
Nb6 28. Qxa7 {Giorgio resigns} 1-0

[Event "ICS rated bullet match"]
[Site "204.178.125.65"]
[Date "2000.06.23"]
[Round "?"]
[White "Hossa"]
[Black "Giorgio"]
[Result "1-0"]
[WhiteElo "2491"]
[BlackElo "1382"]
[PlyCount "41"]
[EventDate "2000.??.??"]

1. d4 c5 2. d5 d6 3. e4 Qb6 4. Nc3 a6 5. Bd3 Bd7 6. Nf3 Nf6 7. e5 dxe5 8. Nxe5
g6 9. O-O Bg7 10. Qe2 O-O 11. Re1 Re8 12. Bc4 Qd6 13. Bf4 Qb6 14. Bb3 a5 15. d6
exd6 16. Bxf7+ Kh8 17. Bxe8 Bxe8 18. Nc4 Qc7 19. Qxe8+ Ng8 20. Nxd6 Nd7 21.
Nf7# {Giorgio checkmated} 1-0

[Event "ICS rated bullet match"]
[Site "204.178.125.65"]
[Date "2000.06.23"]
[Round "?"]
[White "Giorgio"]
[Black "Hossa"]
[Result "0-1"]
[WhiteElo "1382"]
[BlackElo "2491"]
[PlyCount "50"]
[EventDate "2000.??.??"]

1. e4 e6 2. d4 d5 3. exd5 exd5 4. Nf3 Bg4 5. Be2 Nf6 6. O-O Be7 7. h3 Bxf3 8.
Bxf3 O-O 9. c3 Nbd7 10. Re1 Re8 11. Bg5 Ne4 12. Bxe4 dxe4 13. Rxe4 Bxg5 14.
Rxe8+ Qxe8 15. Nd2 Qe6 16. Nf3 Bf4 17. Qd3 Nf6 18. Ne5 Bxe5 19. dxe5 Qxe5 20.
Kf1 Qh2 21. Re1 Qh1+ 22. Ke2 Re8+ 23. Qe3 Rxe3+ 24. fxe3 Qxg2+ 25. Kd1 Ne4 {
Giorgio resigns} 0-1

[Event "ICS rated bullet match"]
[Site "204.178.125.65"]
[Date "2000.06.23"]
[Round "?"]
[White "Hossa"]
[Black "Giorgio"]
[Result "1-0"]
[WhiteElo "2491"]
[BlackElo "1382"]
[PlyCount "51"]
[EventDate "2000.??.??"]

1. d4 Nf6 2. Nc3 e6 3. e4 d5 4. e5 Nfd7 5. Nf3 Nb6 6. Bd3 Nc6 7. O-O Bd7 8. Bd2
Be7 9. a3 Nc4 10. Bxc4 dxc4 11. Qe2 b5 12. Nxb5 a6 13. Nc3 Na5 14. Ne4 Bb5 15.
a4 Bc6 16. Bxa5 Bxe4 17. Qxe4 Rb8 18. Qc6+ Kf8 19. Qxa6 Rxb2 20. Qxc4 Rb7 21.
Qc6 Qb8 22. c4 Rb2 23. Qxc7 Qxc7 24. Bxc7 g6 25. Rfb1 Kg7 26. Rxb2 {
Giorgio resigns} 1-0

[Event "ICS rated bullet match"]
[Site "204.178.125.65"]
[Date "2000.06.23"]
[Round "?"]
[White "Hossa"]
[Black "lapti"]
[Result "1-0"]
[WhiteElo "2491"]
[BlackElo "1341"]
[PlyCount "43"]
[EventDate "2000.??.??"]

1. d4 e6 2. Nf3 d5 3. g3 c5 4. c3 cxd4 5. Nxd4 Nc6 6. Bg2 Nxd4 7. cxd4 Bd7 8.
O-O Bc6 9. Nc3 Nf6 10. Qd3 a6 11. Bf4 Bd6 12. Bxd6 Qxd6 13. Rfc1 O-O 14. e3
Rae8 15. f3 e5 16. dxe5 Qxe5 17. Re1 Qd6 18. Rad1 b5 19. Ne2 d4 20. e4 Nd7 21.
Qxd4 Qd5 22. exd5 {lapti resigns} 1-0

[Event "ICS rated bullet match"]
[Site "204.178.125.65"]
[Date "2000.06.23"]
[Round "?"]
[White "Hossa"]
[Black "defender3450"]
[Result "1-0"]
[WhiteElo "2491"]
[BlackElo "1630"]
[PlyCount "29"]
[EventDate "2000.??.??"]

1. d4 d5 2. c4 Nf6 3. Nc3 e6 4. cxd5 exd5 5. e3 Bb4 6. Nf3 Bxc3+ 7. bxc3 O-O 8.
Ba3 Re8 9. Bd3 Bg4 10. Qb1 Nc6 11. Qxb7 Qd7 12. Bb5 Bxf3 13. Bxc6 Rab8 14. Bxd7
Rxb7 15. Bxe8 1-0

[Event "ICS rated bullet match"]
[Site "204.178.125.65"]
[Date "2000.06.23"]
[Round "?"]
[White "defender3450"]
[Black "Hossa"]
[Result "0-1"]
[WhiteElo "1630"]
[BlackElo "2491"]
[PlyCount "38"]
[EventDate "2000.??.??"]

1. e4 e6 2. f4 d5 3. exd5 exd5 4. Nf3 Nf6 5. d4 Bb4+ 6. Nc3 Ne4 7. Bd2 Bxc3 8.
bxc3 Bg4 9. Be2 O-O 10. O-O c5 11. Ne5 Bxe2 12. Qxe2 Qc7 13. Be3 Nxc3 14. Qd3
cxd4 15. Bxd4 Ne4 16. Rfe1 Nc6 17. Rxe4 dxe4 18. Qxe4 Nxd4 19. Qxd4 Qxc2 0-1

[Event "ICS Rated standard match"]
[Site "204.178.125.65"]
[Date "2000.06.24"]
[Round "?"]
[White "PostModernist"]
[Black "Hossa"]
[Result "1-0"]
[WhiteElo "2306"]
[BlackElo "2336"]
[PlyCount "139"]
[EventDate "2000.??.??"]

1. d4 Nf6 2. c4 e6 3. Nf3 c5 4. d5 exd5 5. cxd5 d6 6. Nc3 g6 7. e4 Bg7 8. Bg5
O-O 9. Be2 h6 10. Bh4 g5 11. Bg3 Nh5 12. Nd2 Nxg3 13. hxg3 f5 14. Nc4 a6 15. a4
Re8 16. Qc2 Rf8 17. Qb3 Qf6 18. Nb6 c4 19. Qxc4 Ra7 20. e5 Qd8 21. Nxc8 Qxc8
22. exd6 Qd7 23. Qb4 b6 24. O-O-O Qd8 25. f4 Rd7 26. Rh5 Qe8 27. fxg5 Qe3+ 28.
Rd2 hxg5 29. Nd1 Qxg3 30. Qxb6 Be5 31. Kb1 Rxd6 32. Qg1 Nd7 33. Ne3 Bg7 34. Bd3
Re8 35. Rh3 Qf4 36. Rf2 Qxa4 37. Nxf5 Qb4 38. Rh1 Rf6 39. d6 Kf8 40. Nxg7 Kxg7
41. Rxf6 Nxf6 42. Qa7+ Kg8 43. Rc1 Re1 44. d7 Rxc1+ 45. Kxc1 Nxd7 46. Qxd7 Qc5+
47. Kb1 Kf8 48. Qf5+ Qxf5 49. Bxf5 Ke7 50. Kc2 Kf6 51. Bc8 a5 52. Kb3 Kf7 53.
Bf5 Ke7 54. g4 Kf7 55. Ka4 Ke7 56. Kxa5 Kd6 57. b4 Kc6 58. b5+ Kd6 59. b6 Kd5
60. b7 Kd4 61. b8=Q Ke3 62. Qg3+ Ke2 63. Qd3+ Ke1 64. Bg6 Kf2 65. Be4 Ke1 66.
Qc2 Kf1 67. Qg2+ Ke1 68. Qb2 Kf1 69. Bf3 Kg1 70. Qg2# {Hossa checkmated} 1-0

[Event "ICS Rated blitz match"]
[Site "204.178.125.65"]
[Date "2000.06.24"]
[Round "?"]
[White "Hossa"]
[Black "PostModernist"]
[Result "1/2-1/2"]
[WhiteElo "2361"]
[BlackElo "2706"]
[PlyCount "191"]
[EventDate "2000.??.??"]

1. d4 Nf6 2. c4 e6 3. Nf3 b6 4. g3 Bb7 5. Bg2 Be7 6. O-O O-O 7. Nc3 Ne4 8. Bd2
Bf6 9. Qc2 Nxd2 10. Qxd2 d6 11. Qd3 Nc6 12. Ne4 d5 13. Nxf6+ Qxf6 14. cxd5 exd5
15. Qc2 Rfe8 16. e3 a5 17. Rac1 Re7 18. a3 a4 19. Nh4 Re6 20. Bh3 Rd6 21. Nf5
Rdd8 22. f3 Re8 23. Rf2 Qg5 24. Qd1 Kh8 25. b4 axb3 26. Qxb3 g6 27. f4 Qh5 28.
Nh4 Na5 29. Qb5 Re7 30. Bg2 Rxe3 31. Qd7 c6 32. Qxf7 Qh6 33. Rb2 Rf8 34. Qc7
Rxa3 35. Qxb6 Rf7 36. Nf3 Qf8 37. Ne5 Rg7 38. Rc5 Qa8 39. Bf1 Ra1 40. Rb1 Ra2
41. Re1 Ra3 42. Qb4 Ra2 43. Bd3 Rc7 44. g4 Nc4 45. Nxc4 dxc4 46. Bxc4 Ra1 47.
Qc3 Rxe1+ 48. Qxe1 Qd8 49. Qe5+ Rg7 50. Be6 h6 51. g5 hxg5 52. fxg5 Qa8 53. Rc1
Kh7 54. Qf6 Qa3 55. Qf4 Kh8 56. Re1 Qb4 57. Rf1 Ba6 58. Rc1 Bb7 59. Ra1 Qe7 60.
Qb8+ Kh7 61. Qe5 Qb4 62. Qf4 Kh8 63. h3 Qe7 64. Re1 Qb4 65. Rf1 Ba6 66. Rc1 Bb7
67. Rd1 Qe7 68. Qf6 Qd6 69. Rb1 Qg3+ 70. Kh1 Kh7 71. Rf1 c5+ 72. d5 Qd3 73. Qf3
c4 74. Kg1 Qxf3 75. Rxf3 Re7 76. Rf6 c3 77. Rf1 Bxd5 78. Bxd5 Re5 79. Rf7+ Kh8
80. Bb3 Rxg5+ 81. Kh1 Rb5 82. Bc2 Re5 83. Bxg6 Re1+ 84. Kg2 c2 85. Rh7+ Kg8 86.
Bxc2 Re2+ 87. Kf3 Rxc2 88. Rh6 Kg7 89. Rh5 Rc3+ 90. Kg2 Rc2+ 91. Kg3 Rc3+ 92.
Kh2 Rc2+ 93. Kg3 Rc3+ 94. Kh2 Rc2+ 95. Kg3 Rc3+ 96. Kh2 1/2-1/2

[Event "ICS rated standard match"]
[Site "204.178.125.65"]
[Date "2000.06.24"]
[Round "?"]
[White "Hossa"]
[Black "PostModernist"]
[Result "0-1"]
[WhiteElo "2319"]
[BlackElo "2323"]
[PlyCount "90"]
[EventDate "2000.??.??"]

1. d4 Nf6 2. f4 e6 3. Nf3 d5 4. e3 c5 5. Bd3 c4 6. Be2 Be7 7. O-O O-O 8. b3
cxb3 9. axb3 b6 10. Nc3 Bb7 11. Ne5 a5 12. Ba3 Bxa3 13. Rxa3 Nc6 14. Qd2 Qe7
15. Raa1 Rfc8 16. Bd3 Nb4 17. Rab1 Nxd3 18. cxd3 Qb4 19. Rbc1 Qxb3 20. Rc2 Qa3
21. Rb1 Ra6 22. Nb5 Qf8 23. Rxc8 Bxc8 24. Nc6 Ne8 25. Qc3 Ra8 26. Nba7 Bd7 27.
Rxb6 a4 28. Rb7 Bxc6 29. Nxc6 h6 30. Ne7+ Kh7 31. Qa3 Nf6 32. Qa1 a3 33. f5 Ng4
34. e4 a2 35. fxe6 fxe6 36. Nf5 exf5 37. h3 Ne3 38. Rb2 Qa3 39. Kh2 Qxb2 40.
Qxb2 a1=Q 41. Qb7 Nf1+ 42. Kg1 Ra2 43. h4 Ne3+ 44. Qb1 Rxg2+ 45. Kh1 Qxb1# {
Hossa checkmated} 0-1

[Event "ICS rated bullet match"]
[Site "204.178.125.65"]
[Date "2000.06.24"]
[Round "?"]
[White "Hossa"]
[Black "sondermann"]
[Result "1-0"]
[WhiteElo "2492"]
[BlackElo "1820"]
[PlyCount "51"]
[EventDate "2000.??.??"]

1. c4 Nf6 2. Nc3 g6 3. g3 Bg7 4. Nf3 O-O 5. Bg2 d6 6. d4 Nbd7 7. O-O e5 8. Bg5
h6 9. Bxf6 Qxf6 10. Nd5 Qd8 11. e3 c6 12. Nc3 exd4 13. exd4 a5 14. Re1 Qc7 15.
Qd3 Nb6 16. Rac1 Bf5 17. Qf1 Rfe8 18. Re2 Rxe2 19. Qxe2 Qd7 20. Re1 Kf8 21. c5
dxc5 22. dxc5 Nd5 23. Nxd5 cxd5 24. Qd2 Rd8 25. Qxa5 Qc6 26. Qxd8+ {
sondermann resigns} 1-0

[Event "ICS rated bullet match"]
[Site "204.178.125.65"]
[Date "2000.06.24"]
[Round "?"]
[White "Hossa"]
[Black "sondermann"]
[Result "1-0"]
[WhiteElo "2494"]
[BlackElo "1818"]
[PlyCount "41"]
[EventDate "2000.??.??"]

1. c4 Nf6 2. Nc3 g6 3. g3 Bg7 4. Nf3 O-O 5. Bg2 d6 6. d4 Nbd7 7. O-O e5 8. Bg5
h6 9. Bxf6 Qxf6 10. Nd5 Qd8 11. e3 c6 12. Nc3 exd4 13. exd4 Nf6 14. Re1 d5 15.
cxd5 Nxd5 16. Ne5 Nxc3 17. bxc3 Be6 18. Nxg6 fxg6 19. Rxe6 Kh7 20. Qb1 Qg5 21.
Rxg6 {sondermann resigns} 1-0

[Event "ICS rated bullet match"]
[Site "204.178.125.65"]
[Date "2000.06.24"]
[Round "?"]
[White "Hossa"]
[Black "sondermann"]
[Result "1-0"]
[WhiteElo "2496"]
[BlackElo "1816"]
[PlyCount "27"]
[EventDate "2000.??.??"]

1. c4 g6 2. Nf3 Bg7 3. d4 d6 4. Nc3 Nd7 5. e4 Ngf6 6. Be2 e5 7. dxe5 dxe5 8.
O-O c6 9. Qd6 Qe7 10. Qxe7+ Kxe7 11. b3 Rd8 12. Ba3+ Ke8 13. Bd6 Nh5 14. Bc7 {
sondermann resigns} 1-0

[Event "ICS rated bullet match"]
[Site "204.178.125.65"]
[Date "2000.06.24"]
[Round "?"]
[White "sondermann"]
[Black "Hossa"]
[Result "0-1"]
[WhiteElo "1805"]
[BlackElo "2507"]
[PlyCount "24"]
[EventDate "2000.??.??"]

1. e4 e6 2. d4 d5 3. e5 c5 4. c3 Nc6 5. a3 Nge7 6. b4 cxd4 7. cxd4 Nf5 8. Nf3
Qb6 9. Bb2 Be7 10. b5 O-O 11. Qd2 Na5 12. Bd3 Nb3 {sondermann resigns} 0-1

[Event "ICS rated blitz match"]
[Site "204.178.125.65"]
[Date "2000.06.24"]
[Round "?"]
[White "Hossa"]
[Black "hepyeke"]
[Result "1-0"]
[WhiteElo "2373"]
[BlackElo "2228"]
[PlyCount "63"]
[EventDate "2000.??.??"]

1. c4 Nf6 2. Nc3 g6 3. g3 Bg7 4. Nf3 O-O 5. Bg2 d6 6. d4 Nc6 7. O-O Rb8 8. d5
Na5 9. Qd3 c5 10. e4 Nd7 11. b3 a6 12. Rb1 b5 13. cxb5 axb5 14. Nxb5 Ba6 15. a4
Nb6 16. Bb2 c4 17. bxc4 Bxb2 18. Rxb2 Nxa4 19. Rb4 Nc5 20. Qc2 Qd7 21. Rfb1 Rb6
22. Qa2 Nab7 23. Qe2 Na5 24. Ng5 Rfb8 25. Bf1 h6 26. Nh3 Bc8 27. Nf4 Na6 28.
Ra4 Nb7 29. Bh3 Qd8 30. Bg2 Nac5 31. Ra7 Na5 32. Rxa5 {hepyeke resigns} 1-0

[Event "ICS rated blitz match"]
[Site "204.178.125.65"]
[Date "2000.06.24"]
[Round "?"]
[White "hepyeke"]
[Black "Hossa"]
[Result "0-1"]
[WhiteElo "2218"]
[BlackElo "2383"]
[PlyCount "96"]
[EventDate "2000.??.??"]

1. e4 e6 2. d3 Nc6 3. Nf3 Be7 4. g3 Nf6 5. Bg2 O-O 6. O-O d6 7. c4 e5 8. h3 Be6
9. Nc3 Qc8 10. Kh2 Rb8 11. a4 Re8 12. a5 Bd7 13. Nd5 Nxd5 14. cxd5 Nd4 15. Nxd4
exd4 16. f4 c6 17. g4 cxd5 18. exd5 Bh4 19. Bd2 Bb5 20. Rf3 Qd7 21. f5 Rbc8 22.
Bf4 Re1 23. Qxe1 Bxe1 24. Rxe1 Rc2 25. Re4 Rxb2 26. Rxd4 Ra2 27. Re4 Rxa5 28.
Rfe3 Qd8 29. Re7 b6 30. g5 Ra3 31. Bf1 Qb8 32. f6 Ra1 33. Bg2 g6 34. Bf3 Rc1
35. h4 Rc2+ 36. Kg3 a5 37. h5 a4 38. hxg6 hxg6 39. Bg4 a3 40. Bd7 Bxd7 41. Rxd7
a2 42. Bxd6 Qxd6+ 43. Rxd6 a1=Q 44. Rd8+ Kh7 45. Rf8 Qg1+ 46. Kf3 Rf2+ 47. Ke4
Qg4+ 48. Ke5 Qf4# {hepyeke checkmated} 0-1

[Event "ICS rated bullet match"]
[Site "204.178.125.65"]
[Date "2000.06.24"]
[Round "?"]
[White "Hossa"]
[Black "ambo"]
[Result "1-0"]
[WhiteElo "2508"]
[BlackElo "819"]
[PlyCount "21"]
[EventDate "2000.??.??"]

1. c4 e5 2. Nc3 f6 3. d4 g6 4. Nf3 h6 5. Qd3 exd4 6. Qxg6+ Ke7 7. Nd5+ Kd6 8.
Bf4+ Kc6 9. Nxd4+ Kc5 10. b4+ Kxd4 11. e3# {ambo checkmated} 1-0

[Event "ICS rated standard match"]
[Site "204.178.125.65"]
[Date "2000.06.24"]
[Round "?"]
[White "josechess"]
[Black "Hossa"]
[Result "1/2-1/2"]
[WhiteElo "2369"]
[BlackElo "2303"]
[PlyCount "102"]
[EventDate "2000.??.??"]

1. Nf3 Nf6 2. b3 g6 3. Bb2 Bg7 4. e3 O-O 5. Be2 d5 6. O-O c5 7. c4 d4 8. exd4
Nh5 9. Re1 Nf4 10. Bf1 Nc6 11. Na3 Bg4 12. Nc2 cxd4 13. Rb1 Qa5 14. h3 Bxf3 15.
Qxf3 Qxd2 16. Red1 Qxc2 17. Qxf4 e5 18. Qg5 Qf5 19. Qxf5 gxf5 20. g4 fxg4 21.
hxg4 f5 22. gxf5 Rxf5 23. Bg2 Raf8 24. Bd5+ Kh8 25. f3 Rxf3 26. Bxf3 Rxf3 27.
Rf1 Rxf1+ 28. Kxf1 e4 29. b4 Nd8 30. Re1 e3 31. Ba1 h6 32. Ke2 a6 33. c5 Kg8
34. a4 Ne6 35. Rc1 Kh7 36. b5 axb5 37. axb5 Be5 38. c6 bxc6 39. bxc6 Kg6 40.
Rc4 d3+ 41. Kxe3 Bxa1 42. c7 Nxc7 43. Rxc7 h5 44. Rc5 Bd4+ 45. Kxd3 Bxc5 46.
Ke4 Kh6 47. Kf3 Kh7 48. Kg2 Kh8 49. Kh1 Kg8 50. Kg2 Kh8 51. Kh1 Kg8 1/2-1/2

[Event "ICS rated bullet match"]
[Site "204.178.125.65"]
[Date "2000.06.24"]
[Round "?"]
[White "Ziga"]
[Black "Hossa"]
[Result "0-1"]
[WhiteElo "1241"]
[BlackElo "2508"]
[PlyCount "46"]
[EventDate "2000.??.??"]

1. d3 e5 2. Be3 Nc6 3. Qd2 d5 4. Bg5 Be7 5. Bxe7 Ngxe7 6. Nf3 O-O 7. d4 exd4 8.
Nxd4 Nxd4 9. Qxd4 Nf5 10. Qc3 d4 11. Qc4 Qe7 12. c3 Rd8 13. e3 dxe3 14. fxe3
Nxe3 15. Qe2 Bg4 16. g3 Nc2+ 17. Kf2 Bxe2 18. Bxe2 Qe3+ 19. Kf1 Qe4 20. Rg1
Qf5+ 21. Kg2 Ne3+ 22. Kh1 Qe4+ 23. Rg2 Qxg2# {Ziga checkmated} 0-1